Moto2 Rookie de l'année - Statistiques

Statistiques générales
  • Ce quiz a été pris 8 fois
  • Le résultat moyen est 11 sur 16
Statistiques - réponses
An Équipe Points Durant l'année Position Pilotes Pays % Correct
2024 Italtrans Racing 80 1 podium 13eme Diogo Moreira Brésil
100%
2010 Fimmco Speed Up 199 3 victoires, 5 poles 3eme Andrea Iannone Italie
83%
2025 CFMoto Aspar Team 208 2 victoires, 5 podiums 6eme Daniel Holgado Espagne
83%
2012 JiR Motobi 95 Deux Top5 10eme Johann Zarco France
83%
2011 Repsol Suter 251 7 victoires 2eme Marc Marquez Espagne
83%
2022 Red Bull KTM Ajo 177 3 victoires, 1 pole 5eme Pedro Acosta Espagne
83%
2021 Red Bull KTM Ajo 307 8 victoires, 7 poles 2eme Raul Fernandez Espagne
83%
2015 Pons HP 40 234 2 victoires, 10 podiums 2eme Alex Rins Espagne
67%
2020 Pull&Bear Aspar 67 1 pole 14eme Aron Canet Espagne
67%
2017 VR46 Sky Racing 174 4 podiums 5eme Francesco Bagnaia Italie
67%
2018 Kalex Marc VDS 155 4 podiums 6eme Joan Mir Espagne
67%
2014 Pons HP 40 274 4 victoires, 9 podiums 3eme Maverick Viñales Espagne
67%
2023 Pons Los40 84 Trois Top5 15eme Sergio Garcia Espagne
50%
2016 Tech3 Racing 37 Deux Top10 20eme Xavi Vierge Espagne
50%
2019 MB Speed Up 108 2 podiums, 1 pole 9eme Fabio Di Giannantonio Italie
17%
2013 Aspar Team 128 1 victoire, 3 podiums 10eme Jordi Torres Espagne
17%
Aucun quiz correspondant
Distribution des résultats
% des personnes avec chaque résultat
Percentile par nombre de réponses
Votre historique - résultats
Vous n’avez pas pris ce quiz